Major Vladimír Remek - 1. československý kozmonaut výberová odporúčajúca bibliografia z novinových a časopiseckých článkov

Bibliographic Details
Main Author: Brezinová, Mária (Author)
Format: Book
Language:Slovak
PhysicalDescription:51 s. 30 cm
Published: Galanta Okresná knižnica 1978
Edition:[1. vyd.]
Subjects:

MARC

LEADER 00000cam a2200000 a 4500
001 vtls009273078
003 SK-MaSNL
005 20260301081539.0
008 240314s1978 xo b 001 0 slo
035 |a LVTK82534 
040 |a SNK  |b slo  |c SNK  |e AACR2 
041 0 |a slo 
043 |a e-xo--- 
044 |a xo  |c SK 
080 |a 629.78-051  |2 2001 
080 |a 929 Remek, Vladimír  |2 2001 
080 |a 012  |2 2001 
100 1 |a Brezinová, Mária  |4 aut  |9 405001 
245 1 0 |a Major Vladimír Remek - 1. československý kozmonaut  |b výberová odporúčajúca bibliografia z novinových a časopiseckých článkov  |c zostavila Marta Brezinová 
250 |a [1. vyd.] 
260 |a Galanta  |b Okresná knižnica  |c 1978 
300 |a 51 s.  |c 30 cm 
600 1 7 |a Remek, Vladimír,  |d 1948-  |2 SNKMA  |9 240622 
650 0 7 |a kozmonauti  |2 SNKPH  |9 30442 
650 0 7 |a bibliografia článkov  |2 agk  |9 261080 
655 7 |a personálne bibliografie  |2 SNKPH  |9 70198 
958 |a OND 
999 |c 656167  |d 658097 
952 |a SNK  |b SNK  |y PREZ  |7 0  |p 17A0983605  |o snkSB 34038  |i snkKSP 7252/82  |0 0  |1 0  |4 0  |d 2014-05-07  |f 1  |l 0  |r 2025-04-09 00:00:00  |w 2026-02-23